Agricultural Tenancies Act 1995 (Record no. 97164)
[ view plain ]
| 000 -LEADER | |
|---|---|
| fixed length control field | 01252cam a2200277 4500 |
| 008 - FIXED-LENGTH DATA ELEMENTS--GENERAL INFORMATION | |
| fixed length control field | 090401t1998 xxu||||| |||| 00| 0 eng d |
| 020 ## - INTERNATIONAL STANDARD BOOK NUMBER | |
| International Standard Book Number | 0854069062 |
| 035 ## - SYSTEM CONTROL NUMBER | |
| System control number | (Sirsi) u86748 |
| 041 0# - LANGUAGE CODE | |
| Language code of text/sound track or separate title | eng |
| 050 04 - LIBRARY OF CONGRESS CALL NUMBER | |
| Classification number | 630.026 $2 18 |
| 110 2# - MAIN ENTRY--CORPORATE NAME | |
| Corporate name or jurisdiction name as entry element | Royal Institution of Chartered Surveyors |
| Subordinate unit | Farm Business Tenancies Monitoring Group |
| 9 (RLIN) | 4515 |
| 245 00 - TITLE STATEMENT | |
| Title | Agricultural Tenancies Act 1995 |
| Remainder of title | supplementary guidance note |
| Medium | [electronic resource] |
| 260 ## - PUBLICATION, DISTRIBUTION, ETC. | |
| Place of publication, distribution, etc. | London |
| Name of publisher, distributor, etc. | RICS |
| Date of publication, distribution, etc. | 1998 |
| 300 ## - PHYSICAL DESCRIPTION | |
| Extent | 53p. |
| Dimensions | 30cm. |
| 350 ## - PRICE (NR) (BK AM CF MU VM SE) [OBSOLETE] | |
| Price | 16 |
| 490 #0 - SERIES STATEMENT | |
| Series statement | RICS Guidance Note |
| 520 ## - SUMMARY, ETC. | |
| Summary, etc. | Updates "Guidance note on the 1995 Agricultural Tenancies Act" (ISBN 0854066926) dealing with subsequent developments following the introduction of the Act. |
| 520 ## - SUMMARY, ETC. | |
| Summary, etc. | Under review 1 August 2006 |
| 650 24 - SUBJECT ADDED ENTRY--TOPICAL TERM | |
| Topical term or geographic name entry element | AGRICULTURAL TENANCIES ACT 1995 |
| 650 24 - SUBJECT ADDED ENTRY--TOPICAL TERM | |
| Topical term or geographic name entry element | INTEGRATED ADMINISTRATION AND CONTROL SYSTEM |
| 651 #4 - SUBJECT ADDED ENTRY--GEOGRAPHIC NAME | |
| Geographic name | England and Wales |
| Chronological subdivision | 1543- |
| 690 ## - LOCAL SUBJECT ADDED ENTRY--TOPICAL TERM (OCLC, RLIN) | |
| Topical term or geographic name as entry element | PROPERTY-LEASEHOLD PROPERTY-LANDLORD AND TENANT-TENANCIES-AGRICULTURAL TENANCIES |
| 856 41 - ELECTRONIC LOCATION AND ACCESS | |
| Uniform Resource Identifier | <a href="https://www.rics.org/profession-standards/knowledge-and-information-services/document-delivery-and-other-kis-fees.html">https://www.rics.org/profession-standards/knowledge-and-information-services/document-delivery-and-other-kis-fees.html</a> |
| Public note | Email [email protected] for a copy (fees apply to non-members) |
| 942 ## - ADDED ENTRY ELEMENTS (KOHA) | |
| Suppress in OPAC | 0 |
| Source of classification or shelving scheme | Dewey Decimal Classification |
| 948 ## - LOCAL PROCESSING INFORMATION (OCLC); SERIES PART DESIGNATOR (RLIN) | |
| c (OCLC) | 10/06/1998 |
| Withdrawn status | Lost status | Source of classification or shelving scheme | Damaged status | Not for loan | Home library | Current library | Shelving location | Date acquired | Cost, normal purchase price | Total Checkouts | Full call number | Barcode | Date last seen | Copy number | Cost, replacement price | Price effective from | Koha item type | Date last checked out | Public note |
|---|---|---|---|---|---|---|---|---|---|---|---|---|---|---|---|---|---|---|---|
| Dewey Decimal Classification | London | London | RICS Boxes | 14/09/1999 | 16.00 | RICS 1998/63 | 30057004 | 06/08/2019 | 1 | 16.00 | 06/08/2019 | Reference material | |||||||
| Dewey Decimal Classification | London | London | RICS Boxes | 14/09/1999 | 16.00 | RICS 1998/63 | 30057005 | 06/08/2019 | 2 | 16.00 | 06/08/2019 | Reference material | |||||||
| Dewey Decimal Classification | London | London | RICS Boxes | 14/09/1999 | 16.00 | 11 | RICS 1998/63 | 30057006 | 06/08/2019 | 3 | 16.00 | 06/08/2019 | Book | 23/05/2006 | |||||
| Dewey Decimal Classification | Virtual | Virtual | Online | 11/10/2006 | SCAN | 86748-3001 | 10/04/2025 | 4 | 06/08/2019 | Online material | Please contact [email protected] to request a digital copy (fees apply for non-members) |